Ora di djunta mon tchiga (Registo nº 1572)

Detalhes MARC
000 -Etiqueta do registo
Cabeçalho 00693nam0a2200229 4500
005 - Identificador da versão
Campo de controlo 20240813121840.0
010 ## - Número internacional normalizado dos livros (ISBN)
Número (ISBN) 9729719551
021 ## - Número do Depósito Legal
Código do país PT
Número 244840/06
100 ## - Dados gerais de processamento
Dados gerais de processamento 20160509d2006 m d0pory5003 ba
102 ## - Pais de publicação ou produção
País de publicação Portugal
101 0# - Língua de publicação
Língua do texto, banda sonora, etc. Português
215 ## - Descrição física 
Indicação específica da natureza do documento e extensão da espécie 75, [2] p.
Outras indicações físicas il
200 1# - Titulo e menção de responsabilidade
Título próprio Ora di djunta mon tchiga
Título paralelo É a hora de darmos as mãos
Primeira menção de responsabilidade José Luís Carvalhido da Ponte
210 ## - Publicação, Distribuição, etc. 
Lugar da edição, distribuição, etc. Meadela
Nome do editor, distribuidor, etc. Junta de Freguesia
Data da publicação, distribuição, etc. 2006
606 ## - Nome comum usado como assunto
Número de registo de entrada de autoridade 0002007
Palavra de ordem Literatura portuguesa
Subdivisão de assunto Poesia
Código do sistema CA
675 ## - Classificação Decimal Universal (CDU)
Notação 821.134.3-1
Edição 3ª ed.
Língua da edição por
700 #1 - Nome de autor-pessoa física (responsabilidade principal)
Número de registo de entrada de autoridade 0002894
Palavra de ordem Ponte
Outra parte do nome não tomada para palavra de ordem José Luís Carvalhido da
Datas 1949-
966 ## - Identificação da Biblioteca
Sigla EB2,3ENM
942 ## - Elementos de entrada adicionados (Koha)
Tipo de item no Koha Livro
Exemplares
Situação do levantamento Origin of item (home branch) (coded) Biblioteca de empréstimo Código de barras Cota Data de devolução Circulation type (not for loan) Tipo de documento Nota do exemplar Damaged status
  Biblioteca Escolar Eng. Nuno Mergulhão Biblioteca Escolar Eng. Nuno Mergulhão BENM3673 82LP-1 PON     Livro Sem mensagem